000 00305nam a22001337a 4500
999 _c12311
_d12311
020 _a9789352718719
082 _a658.15
100 _aS.N. Maheshwari
245 _aFinancial Accounting for BBA
_cS.N. Maheshwari
250 _a2nd
260 _aIndia
_bVIKAS
_c2018
300 _a942 pages.
942 _cBK